Logo BPK

Biblioteka

Politechniki Koszalińskiej

Optymalne sterowanie silnika asynchronicznego / (Rekord nr 17151)

Szczegóły MARC
000 -ETYKIETA REKORDU
podpole kontrolne o stałej długości 00513nam a2200181 i 4500
001 - NUMER KONTROLNY REKORDU
pole kontrolne bg
040 ## - ŹRÓDŁO KATALOGOWANIA
Instytucja, która utworzyła rekord BPK
041 ## - KOD JĘZYKA
Kod języka tekstu pol
080 ## - UNIWERSALNA KLASYFIKACJA DZIESIĘTNA - UKD
UKD 621.313
008 - POLE O STAŁEJ DŁUGOŚCI - DANE KONTROLNE
podpole kontrolne o stałej długości s pl f |000 0 pol
100 1# - NAZWA OSOBOWA
Nazwa osobowa GOMÓŁKA, Jan
245 #0 - TYTUŁ/ODPOWIEDZIALNOŚĆ
Tytuł Optymalne sterowanie silnika asynchronicznego /
Pozostałe elementy strefy tytułu i oznaczenia odpowiedzialności Jan Gomółka.
260 ## - STREFA ADRESU WYDAWNICZEGO
Miejsce wydania Rzeszów :
Nazwa wydawcy/dystrybutora Wydaw. Uczeln. Wyż. Szk. Inż.,
Data publikacji, dystrybucji/powstania dokumentu 1974.
300 ## - STREFA OPISU FIZYCZNEGO
Objętość s. 202 :
Inne cechy fizyczne rys.
500 ## - UWAGI OGÓLNE
Tekst uwagi [Streszcz. w jęz. ang. i ros.].
504 ## - UWAGA DOTYCZĄCA BIBLIOGRAFII
Informacje o bibliografii [Zawiera bibliogr. s. 191-199].
856 ## - LOKALIZACJA I DOSTĘP DO ELEKTRONICZNYCH DOKUMENTÓW ZDALNYCH
Link (URL) http://koha.tu.koszalin.pl/cgi-bin/koha/opac-detail.pl?biblionumber=17151
Tekst linku Katalog online BPK
942 ## - DODATKOWE ELEMENTY (KOHA)
Typ dokumentu Książka
Egzemplarze
Wycofany Status egzemplarza Uszkodzony Dostępność Lokalizacja stała Lokalizacja bieżąca Miejsce przechowywania Sygnatura Kod kreskowy Typ dokumentu
      Dostępny Biblioteka Politechniki Koszalińskiej Biblioteka Politechniki Koszalińskiej Wypożyczalnia BG 21769 01699432 Książka
© 2023 Biblioteka Politechniki Koszalińskiej :: KOHA